Mounce's complete expository dictionary of Old & New Testament words / (Record no. 15271)

MARC details
000 -LEADER
fixed length control field 00799nam a22002292 4500
001 - CONTROL NUMBER
control field 0000021555
005 - DATE AND TIME OF LATEST TRANSACTION
control field 20151217161202.0
008 - FIXED-LENGTH DATA ELEMENTS--GENERAL INFORMATION
fixed length control field 120719s xx 000 0 eng d
020 ## - INTERNATIONAL STANDARD BOOK NUMBER
International Standard Book Number 0310248781 :
040 ## - CATALOGING SOURCE
Original cataloging agency KABU
Transcribing agency KABU
100 1# - MAIN ENTRY--PERSONAL NAME
Personal name Mounce, William D.
-- 0000182484
245 10 - TITLE STATEMENT
Title Mounce's complete expository dictionary of Old & New Testament words /
Statement of responsibility, etc. William D. Mounce, general ed.
250 ## - EDITION STATEMENT
Edition statement 1st ed.
260 ## - PUBLICATION, DISTRIBUTION, ETC. (IMPRINT)
Place of publication, distribution, etc. Grand Rapids :
Name of publisher, distributor, etc. Zondervan,
Date of publication, distribution, etc. 2006.
300 ## - PHYSICAL DESCRIPTION
Extent xxvi, 6060 p.
650 #0 - SUBJECT ADDED ENTRY--TOPICAL TERM
Topical term or geographic name as entry element Bible
Form subdivision Dictionaries.
-- 0000148983
650 #0 - SUBJECT ADDED ENTRY--TOPICAL TERM
Topical term or geographic name as entry element Hebrew language
Form subdivision Dictionaries
General subdivision English.
-- 0000148966
650 #0 - SUBJECT ADDED ENTRY--TOPICAL TERM
Topical term or geographic name as entry element Greek language, Biblical
Form subdivision Dictionaries
General subdivision English.
-- 0000152005
852 1# - LOCATION
-- p1420 KES
908 ## - PUT COMMAND PARAMETER (RLIN)
Put command parameter 120719
950 ## - LOCAL HOLDINGS (RLIN)
-- 1
Holdings
Withdrawn status Lost status Source of classification or shelving scheme Not for loan Home library Current library Date acquired Total Checkouts Full call number Barcode Date last seen Price effective from Koha item type
    Library of Congress Classification Not For Loan Kabarak, Main Campus Kabarak, Main Campus 17/12/2015   BS440 .M68 2006 c. 1 013482 17/12/2015 17/12/2015 Reference
Designed with assistance from East African Informatics Ltd